000 00940cam a22002533a 4500
001 292
003 PGUSA
005 20140828082946.0
008 080629s2008||||xxu|||||s|||||000 1 eng d
040 _aPGUSA
_beng
042 _adc
050 4 _aPS
100 1 _aTaylor, Bayard,
_d1825-1878
245 1 0 _aBeauty and the Beast, and Tales of Home
_h[electronic resource] /
_cBayard Taylor
260 _bProject Gutenberg,
_c2008
505 0 _aBeauty and the beast -- Strange friend -- Jacob Flint's journey -- Can a life hide itself? -- Twin-love -- Experience of A.C. -- Friend Eli's daughter -- Miss Bartram's trouble -- Mrs. Strongitharm's report.
506 _aPublic domain in the USA.
516 _aElectronic text
653 _aShort stories
653 _aUnited States -- Social life and customs -- 19th century -- Fiction
830 0 _aProject Gutenberg
_v292
856 4 0 _uhttp://www.gutenberg.org/ebooks/292
942 _cEB
999 _c229643
_d229643